Publicar en la adversidad : (Registro nro. 22058)

Detalles MARC
000 -Cabecera
Campo de control interno 00926nam a2200265Ia 4500
005 - Fecha y hora del registro
control field 20260320113338.0
008 - Elementos de Longitud Fija
fixed length control field 260320s9999||||xx |||||||||||||| ||und||
020 ## - ISBN
ISBN 9786123263140
041 ## - Idioma
Codigo Idioma ESP
082 ## - DEWEY y NOTACIÓN INTERNA
Dewey 001.42
Notación Interna C95
100 ## - AUTOR
Autor denominación Cueto, Marcos,
Término de relación autor
245 #0 - TÍTULO DE MATERIAL BIBLIOGRÁFICO
Título Publicar en la adversidad :
Título paralelo cómo elaborar un artículo científico en el Perú y América Latina
246 ## - TÍTULO TRADUCIDO
Título
Título paralelo
Autor
250 ## - EDICIÓN
Edición Primera edición
260 ## - CIUDAD, EDITORIAL, AÑO
Ciudad Lima :
Nombre de la Editorial Instituto de Estudios Peruanos,
Año 2025
300 ## - DESCRIPCIÓN
N° Páginas 139 páginas :
Otros detalles
Dimensiones 19 cm.
Material Adicional
440 ## - MENCIÓN DE SERIE
Título de la Serie (Lecturas contemporáneas :
Número de Serie número 27)
Volumen de Serie
650 ## - TEMAS
Temas Generalidades
653 ## - DESCRIPTORES
Lenguajes no controlado Publicaciones cientificas; Textos académicos; Formación profesional
654 ## - PROGRAMAS
Programa Dpto. de Humanidades
700 ## - OTROS AUTORES
Otros autores
Títulos y otras palabras asociadas con el nombre
856 ## - URL - UBICACIÓN
URI/URL: Enlace exacto del recurso <a href="https://0u20fow7d-y-https-research-ebsco-com.itmsp.museknowledge.com/c/qxo6us/search">https://0u20fow7d-y-https-research-ebsco-com.itmsp.museknowledge.com/c/qxo6us/search</a>
Nota pública: Versión digital <a href="Véase además: Base de datos EBSCOhost">Véase además: Base de datos EBSCOhost</a>
942 ## - ELEMENTOS DE KOHA
Tipo de documento Libro
Nombre del creador Justo Noguera
Código de catalogador Margarita Torres
Esquema de clasificación Dewey Decimal Classification
Suppress in OPAC
Existencias
Codigo completo Registro Colección Copia número Disponibilidad Tipo de préstamo Biblioteca Actual Procedencia (Biblioteca) Ubicacón Fecha Ingreso Tipo de Adquisición Observación Date last seen Total checkouts Price effective from Tipo de Item Estado del Material Fuente de Clasificación Damaged status Withdrawn status
001.42 C95 1087464 Universidad Católica San Pablo 1 Disponible Disponible Víctor Andrés Belaunde Víctor Andrés Belaunde Segundo piso 10/03/2026 Donación Marcos Cueto 20/03/2026   20/03/2026 Libro Bueno Dewey Decimal Classification